000 00492nam a2200181 a 4500
005 20140412111246.0
008 010424s19uu xx 00 eng d
020 _a0-394-80018-4
050 _aTR(PS E
_bAr2 1960
100 _aEastman, P. D.
245 _aAre you my mother? /
_cby P. D. Eastman.
260 _aNew York :
_bBeginner Books,
_c1960.
300 _a64p. ; ill.
440 _aBeginner Books, B-18
650 _aBirds--Fiction
650 _aMothers--Fiction
999 _c102946
_d102946